| 000 | 00637cab a2200241 4500 | ||
|---|---|---|---|
| 001 | X366 | ||
| 008 | 090401t1993 xxu||||| |||| 00| 0 eng d | ||
| 035 | _a(Sirsi) u65297 | ||
| 041 | _aeng | ||
| 245 | _aBiennial conference is a success | ||
| 260 | _c1993 | ||
| 350 | _a0 | ||
| 490 |
_aCS Monthly : Land and Hydrographic Survey _v2(4) January 1993, 1(1) |
||
| 650 | _aACCREDITED COURSES | ||
| 650 | _aBIENNIAL CONFERENCE | ||
| 650 | _aCPD | ||
| 650 | _aCAREERS, EDUCATION AND TRAINING | ||
| 650 | _aMARKETS | ||
| 650 | _aNATIONAL VOCATIONAL QUALIFICATIONS | ||
| 690 | _aLAND SURVEYING | ||
| 942 | _n0 | ||
| 948 | _c04/03/1997 | ||
| 999 |
_c40720 _d40720 |
||